| 000 | 01235nam a2200313 c 4500 | ||
|---|---|---|---|
| 003 | BLK | ||
| 005 | 20180422120823.0 | ||
| 008 | 180411b bul|||||r ||||||| ||bul|| | ||
| 010 | _aKNG00216556000 | ||
| 040 | _aBLK | ||
| 041 |
_aBUL _cBUL |
||
| 080 |
_aКитайска литература _b821.581 _x-32 _z821.581-32 |
||
| 100 | 1 |
_aПу Сун-лин _eпърви автор _9350992 |
|
| 700 | 1 |
_aБеливанова, Бора Димитрова _eпрев. от старокит. _9370305 |
|
| 139 |
_aПу Сун-лин _bП 93 |
||
| 245 | 1 | 0 |
_aДракони _bНовели _cПу Сун-лин; прев. от старокит. Бора Димитрова Беливанова. |
| 257 | _aKIT | ||
| 260 |
_аСофия _bНар. култура _c1978 |
||
| 300 |
_a236 с. _c16 см |
||
| 380 | _aX | ||
| 490 | 1 |
_aБиблиотека Панорама _v89 |
|
| 490 | 1 |
_3Подсерия _aСерия Проза _v70 |
|
| 500 | _aОриг. загл. на кит. ез. - Съдържа и Пу Сун-лин - живот в дати и За Пу Сун-лин. | ||
| 852 | _aЦб І 16679 | ||
| 856 | 4 |
_qpdf _u |
|
| 856 | 4 |
_qpdf _u |
|
| 942 |
_cKNG _n0 |
||
| 944 |
_aCR _c28.02.2018 _kКети_Илиева |
||
| 944 |
_aED _c28.02.2018 _kКети_Илиева |
||
| 999 |
_c206805 _d206805 |
||